Estatísticas para Distritos do Rio Grande do Norte em um Mapa

Clique aqui para jogar o quiz

Estatísticas Gerais

  • Esse quiz foi jogado 37 vezes
  • A pontuação média é 47 de 191

Respostas no mapa

Respostas codificadas por cores de uma escala verde-vermelha no mapa do quiz de acordo com a % correta abaixo.
 

Estatísticas das Respostas

MunicípioDistrito% Correto
MossoróMossoró
90%
NatalNatal
90%
ParnamirimParnamirim
80%
AçuAçu
70%
BaraúnaBaraúna
70%
CaicóCaicó
70%
Currais NovosCurrais Novos
70%
MacaíbaMacaíba
70%
Areia BrancaAreia Branca
60%
Ceará-MirimCeará-Mirim
60%
ExtremozExtremoz
60%
João CâmaraJoão Câmara
60%
MacauMacau
60%
Santo AntônioSanto Antônio
60%
São MiguelSão Miguel
60%
São Miguel do GostosoSão Miguel do Gostoso
60%
AngicosAngicos
50%
Baía FormosaBaía Formosa
50%
GoianinhaGoianinha
50%
GrossosGrossos
50%
Jardim de PiranhasJardim de Piranhas
50%
JucurutuJucurutu
50%
LajesLajes
50%
MartinsMartins
50%
Nísia FlorestaNísia Floresta
50%
Passa e FicaPassa e Fica
50%
Santa MariaSanta Maria
50%
São Gonçalo do AmaranteSão Gonçalo do Amarante
50%
São Paulo do PotengiSão Paulo do Potengi
50%
TangaráTangará
50%
TibauTibau
50%
Tibau do SulTibau do Sul
50%
TourosTouros
50%
UpanemaUpanema
50%
AcariAcari
40%
AlexandriaAlexandria
40%
ArêsArês
40%
BarcelonaBarcelona
40%
CanguaretamaCanguaretama
40%
EquadorEquador
40%
Espírito SantoEspírito Santo
40%
Governador
Dix-Sept Rosado
Governador
Dix-Sept Rosado
40%
Ielmo MarinhoIelmo Marinho
40%
ItaúItaú
40%
Nova CruzNova Cruz
40%
Pau dos FerrosPau dos Ferros
40%
PortalegrePortalegre
40%
RiachueloRiachuelo
40%
Rio do FogoRio do Fogo
40%
Santa CruzSanta Cruz
40%
São José de MipibuSão José de Mipibu
40%
São PedroSão Pedro
40%
Serra CaiadaSerra Caiada
40%
Serra do MelSerra do Mel
40%
SerrinhaSerrinha
40%
Alto do RodriguesAlto do Rodrigues
30%
ApodiApodi
30%
Bom JesusBom Jesus
30%
BrejinhoBrejinho
30%
Caiçara do NorteCaiçara do Norte
30%
Caiçara do Rio do VentoCaiçara do Rio do Vento
30%
Campo GrandeCampo Grande
30%
CaraúbasCaraúbas
30%
Cerro CoráCerro Corá
30%
CruzetaCruzeta
30%
GalinhosGalinhos
30%
GuamaréGuamaré
30%
JaçanãJaçanã
30%
Jardim de AngicosJardim de Angicos
30%
Jardim do SeridóJardim do Seridó
30%
MaxaranguapeMaxaranguape
30%
MontanhasMontanhas
30%
ParazinhoParazinho
30%
ParelhasParelhas
30%
PatuPatu
30%
Pedra GrandePedra Grande
30%
Pedro VelhoPedro Velho
30%
Poço BrancoPoço Branco
30%
Santana do MatosSantana do Matos
30%
Santana do MatosSanta Teresa
30%
São ToméSão Tomé
30%
TaipuTaipu
30%
VárzeaVárzea
30%
Venha-VerVenha-Ver
30%
Afonso BezerraAfonso Bezerra
20%
Bento FernandesBento Fernandes
20%
BodóBodó
20%
Campo RedondoCampo Redondo
20%
Senador Georgino AvelinoCarnaúba
20%
Carnaúba dos DantasCarnaúba dos Dantas
20%
Coronel EzequielCoronel Ezequiel
20%
Felipe GuerraFelipe Guerra
20%
Fernando PedrozaFernando Pedroza
20%
FlorâniaFlorânia
20%
Frutuoso GomesFrutuoso Gomes
20%
IpanguaçuIpanguaçu
20%
ItajáItajá
20%
Lagoa de VelhosLagoa de Velhos
20%
LucréciaLucrécia
20%
Monte AlegreMonte Alegre
20%
Ouro BrancoOuro Branco
20%
ParanáParaná
20%
PassagemPassagem
20%
Pedro AvelinoPedro Avelino
20%
PendênciasPendências
20%
ParnamirimPirangi do Norte
20%
ParnamirimPium
20%
Porto do ManguePorto do Mangue
20%
PurezaPureza
20%
Ruy BarbosaRuy Barbosa
20%
São Bento do NorteSão Bento do Norte
20%
São RafaelSão Rafael
20%
Senador Georgino AvelinoSenador Georgino Avelino
20%
Serra de São BentoSerra de São Bento
20%
Vila FlorVila Flor
20%
Almino AfonsoAlmino Afonso
10%
Antônio MartinsAntônio Martins
10%
Santana do MatosBarão de Serra Branca
10%
Bento FernandesBelo Horizonte
10%
CarnaubaisCarnaubais
10%
Januário CiccoCórrego de São Mateus
10%
ParnamirimCotovelo
10%
Doutor SeverianoDoutor Severiano
10%
EncantoEncanto
10%
JandaíraJandaíra
10%
JanduísJanduís
10%
Januário CiccoJanuário Cicco
10%
João DiasJoão Dias
10%
José da PenhaJosé da Penha
10%
JundiáJundiá
10%
Lagoa NovaLagoa Nova
10%
Lajes PintadasLajes Pintadas
10%
Luís GomesLuís Gomes
10%
Major SalesMajor Sales
10%
MacaíbaMangabeira
10%
Monte das GameleirasMonte das Gameleiras
10%
Olho d'Água do BorgesOlho d'Água do Borges
10%
ParaúParaú
10%
PilõesPilões
10%
Rafael FernandesRafael Fernandes
10%
Rafael GodeiroRafael Godeiro
10%
Rodolfo FernandesRodolfo Fernandes
10%
Luís GomesSão Bernardo
10%
São João do SabugiSão João do Sabugi
10%
Santana do MatosSão José da Passagem
10%
São José do CampestreSão José do Campestre
10%
São VicenteSão Vicente
10%
Serra Negra do NorteSerra Negra do Norte
10%
Serrinha dos PintosSerrinha dos Pintos
10%
Sítio NovoSítio Novo
10%
Tenente AnaniasTenente Ananias
10%
Tenente Laurentino CruzTenente Laurentino Cruz
10%
Triunfo PotiguarTriunfo Potiguar
10%
UmarizalUmarizal
10%
Vera CruzVera Cruz
10%
ViçosaViçosa
10%
Água NovaÁgua Nova
0%
MacaíbaCajazeiras
0%
MacaíbaCana Brava
0%
Coronel João PessoaCoronel João Pessoa
0%
LajesFirmamento
0%
Francisco DantasFrancisco Dantas
0%
TaipuGameleira
0%
São José do CampestreIpiranga
0%
IpueiraIpueira
0%
JapiJapi
0%
Lagoa d'AntaLagoa d'Anta
0%
Lagoa de PedrasLagoa de Pedras
0%
Lagoa SalgadaLagoa Salgada
0%
José da PenhaMajor Felipe
0%
Marcelino VieiraMarcelino Vieira
0%
Tenente AnaniasMata de São Braz
0%
Messias TarginoMessias Targino
0%
Pedra PretaPedra Preta
0%
Riacho da CruzRiacho da Cruz
0%
Riacho de SantanaRiacho de Santana
0%
João DiasRosário
0%
MartinsSalva Vida
0%
Santana do SeridóSantana do Seridó
0%
São Bento do TrairíSão Bento do Trairí
0%
São FernandoSão Fernando
0%
São Francisco do OesteSão Francisco do Oeste
0%
CaraúbasSão Geraldo
0%
São José do SeridóSão José do Seridó
0%
Senador Elói de SouzaSenador Elói de Souza
0%
Sítio NovoSerra da Tapuia
0%
Severiano MeloSeveriano Melo
0%
Taboleiro GrandeTaboleiro Grande
0%
Timbaúba dos BatistasTimbaúba dos Batistas
0%
MacaíbaTraíras
0%
TangaráTrairi
0%

Distribuição das Pontuações

Percentil de Números Respondidos

Porcentagem de Pessoas com Cada Pontuação

Sua Pontuação Histórica

Você não jogou esse quiz